000 00347nam a22001457a 4500
003 OSt
005 20160727222446.0
008 160704b xxu||||| |||| 00| 0 eng d
040 _cTEST
100 _91934
_a Sellers, N.J
245 _aCross my Heart
260 _aN.Y
_b Doubleday & Com.Inc.
_cMCMLIII
300 _aCross my Heart
942 _2ddc
_cBK
999 _c1635
_d1635